Tâm lý học hành vi trong marketing Thấu hiểu cảm xúc khách hàng, định vị giá trị thương hiệu, tăng trưởng doanh thu bền vững

Nội dung sách mang đến các câu chuyện và cách suy nghĩ lại về khách hàng, sản phẩm và dịch vụ, hoạt động tiếp thị, đối thủ cạnh tranh và thậm chí cả văn hóa của họ.

Guardat en:
Dades bibliogràfiques
Autor principal: Nelson, Tara- Nicholle
Altres autors: Hoàng Đức Thái (Dịch)
Format: Llibre
Idioma:Vietnamese
Publicat: H. Công Thương 2024
Matèries:
Etiquetes: Afegir etiqueta
Sense etiquetes, Sigues el primer a etiquetar aquest registre!
Thư viện lưu trữ: Thư viện Trường Đại học Nam Cần Thơ
LEADER 01175nam a22002057a 4500
001 NCT_4_011910
008 240817b xxu||||| |||| 00| 0 vie d
999 |c 8557  |d 8557 
020 |a 9786044812274  |c 189000 
082 0 4 |2 23rd ed.  |a 658.834  |b N419 
100 1 |a Nelson, Tara- Nicholle 
245 1 0 |a Tâm lý học hành vi trong marketing  |b Thấu hiểu cảm xúc khách hàng, định vị giá trị thương hiệu, tăng trưởng doanh thu bền vững  |c Tara- Nicholle Nelson; Hoàng Đức Thái (Dịch) 
260 |a H.  |b Công Thương  |c 2024 
300 |a 355 tr.  |c 21cm 
520 3 |a Nội dung sách mang đến các câu chuyện và cách suy nghĩ lại về khách hàng, sản phẩm và dịch vụ, hoạt động tiếp thị, đối thủ cạnh tranh và thậm chí cả văn hóa của họ. 
653 |a Marketing 
700 1 |a Hoàng Đức Thái  |e Dịch 
942 |2 ddc  |c BK 
952 |0 0  |1 0  |2 ddc  |4 0  |6 658_834000000000000_N419  |7 0  |9 29288  |a 000001  |b 000001  |d 2024-08-17  |o 658.834 N419  |p MD.22635  |r 2024-08-17  |v 189000.00  |w 2024-08-17  |y BK 
980 |a Thư viện Trường Đại học Nam Cần Thơ